[Event "GRE-ch U18"]
[Site "Chania"]
[Date "2013.01.07"]
[Round "8.6"]
[White "Kalogridakis, Georgios"]
[Black "Poulidis, Stefanos"]
[Result "1/2-1/2"]
[WhiteElo "2073"]
[BlackElo "1994"]
[PlyCount "86"]
[EventDate "2013.01.02"]
[EventType "swiss"]
[EventRounds "9"]
[EventCountry "GRE"]
[SourceTitle "EXT 2024"]
[Source "ChessBase"]
[SourceDate "2023.10.10"]
[SourceVersion "1"]
[SourceVersionDate "2023.10.10"]
[SourceQuality "1"]

1. e4 c5 2. Nf3 e6 3. d4 cxd4 4. Nxd4 Nc6 5. Nc3 Qc7 6. Be3 Nf6 7. Qd2 Nxd4 8. Bxd4 e5 9. Be3 Bb4 10. f3 d6 11. Bb5+ Bd7 12. Bxd7+ Nxd7 13. a3 Bxc3 14. Qxc3 Qxc3+ 15. bxc3 0-0-0 16. 0-0-0 Kc7 17. Kb2 b6 18. c4 f6 19. Rd5 Nb8 20. Rhd1 Nc6 21. Bd2 Rd7 22. Bb4 Rhd8 23. Bc3 Ne7 24. R5d3 Ng6 25. g3 Nf8 26. Bd2 Ne6 27. Be3 Kc6 28. Rd5 Nc7 29. R5d3 Ne6 30. Kc3 Nf8 31. Rd5 Ng6 32. a4 a5 33. Rb1 Rb7 34. Kd2 Ne7 35. Rd3 Rdb8 36. Rdb3 f5 37. Ke2 fxe4 38. fxe4 h6 39. Rf1 Ng6 40. Rfb1 Nf8 41. Rd1 Ne6 42. Rb5 Nc7 43. Rb3 Ne6 1/2-1/2

[Event "GRE-ch U18"]
[Site "Chania"]
[Date "2013.01.05"]
[Round "5.7"]
[White "Poulidis, Stefanos"]
[Black "Koumtzis, Argirios"]
[Result "1-0"]
[WhiteElo "1994"]
[BlackElo "1628"]
[PlyCount "59"]
[EventDate "2013.01.02"]
[EventType "swiss"]
[EventRounds "9"]
[EventCountry "GRE"]
[SourceTitle "EXT 2024"]
[Source "ChessBase"]
[SourceDate "2023.10.10"]
[SourceVersion "1"]
[SourceVersionDate "2023.10.10"]
[SourceQuality "1"]

1. e4 e6 2. d3 d5 3. Qe2 dxe4 4. dxe4 b6 5. Nd2 Nc6 6. c3 Nf6 7. Ngf3 a5 8. Nc4 Ba6 9. Qc2 Be7 10. Be2 Nd7 11. Bf4 0-0 12. 0-0 b5 13. Ne3 Bd6 14. Bxd6 cxd6 15. Rfd1 Nc5 16. Nd4 Qb6 17. Nb3 Rfd8 18. Rd2 Ne5 19. Rad1 Bb7 20. Nxc5 dxc5 21. Rxd8+ Rxd8 22. Rxd8+ Qxd8 23. Bxb5 Qh4 24. f3 Qg5 25. Kf2 Qh4+ 26. Ke2 Qxh2 27. Qd2 g6 28. Qd6 Qh5 29. Qb8+ Kg7 30. Qxb7 1-0

[Event "GRE-ch U18"]
[Site "Chania"]
[Date "2013.01.04"]
[Round "4.5"]
[White "Kalogeris, Ioannis"]
[Black "Poulidis, Stefanos"]
[Result "1/2-1/2"]
[WhiteElo "1984"]
[BlackElo "1994"]
[PlyCount "135"]
[EventDate "2013.01.02"]
[EventType "swiss"]
[EventRounds "9"]
[EventCountry "GRE"]
[SourceTitle "EXT 2024"]
[Source "ChessBase"]
[SourceDate "2023.10.10"]
[SourceVersion "1"]
[SourceVersionDate "2023.10.10"]
[SourceQuality "1"]

1. e4 c5 2. Nf3 e6 3. d4 cxd4 4. Nxd4 Nc6 5. Nc3 Qc7 6. f4 a6 7. Nxc6 Qxc6 8. Bd3 Bc5 9. Qe2 d6 10. Be3 Ne7 11. Bxc5 Qxc5 12. 0-0-0 Bd7 13. g4 0-0-0 14. Rhf1 Kb8 15. f5 Nc6 16. Qf2 Qxf2 17. Rxf2 Ne5 18. h3 g6 19. Be2 Kc7 20. b4 Rdg8 21. Bf1 gxf5 22. exf5 h5 23. fxe6 Bxe6 24. gxh5 Rxh5 25. b5 Nc4 26. Re2 axb5 27. a4 Ra8 28. Kb1 d5 29. Nxb5+ Kb6 30. Nc3 Kc5 31. Ree1 Ra5 32. Bxc4 Kxc4 33. Ne2 Rh4 34. Rf1 Rxa4 35. Rf3 Rb4+ 36. Kc1 Rxh3 37. Rf4+ Kc5 38. Rxb4 Kxb4 39. Nf4 Re3 40. Nxd5+ Bxd5 41. Rxd5 Re7 42. Kd2 Kc4 43. Rd6 Kc5 44. Rf6 Kd5 45. Kd3 Ke5 46. Rb6 f6 47. c4 Kf5 48. c5 Kg5 49. c6 bxc6 50. Rxc6 f5 51. Rc1 f4 52. Rg1+ Kf5 53. Kd2 f3 54. Re1 Ra7 55. Re8 Kf4 56. Ke1 Ra1+ 57. Kf2 Ra2+ 58. Kf1 Ra5 59. Rf8+ Rf5 60. Rxf5+ Kxf5 61. Kf2 Kf4 62. Kf1 Kg3 63. Kg1 Kg4 64. Kf2 Kf4 65. Kf1 Ke3 66. Ke1 f2+ 67. Kf1 Kd2 68. Kxf2 1/2-1/2

[Event "GRE-ch U18"]
[Site "Chania"]
[Date "2013.01.03"]
[Round "3.3"]
[White "Poulidis, Stefanos"]
[Black "Liodakis, Konstantinos Spyros"]
[Result "1/2-1/2"]
[WhiteElo "1994"]
[BlackElo "2141"]
[PlyCount "83"]
[EventDate "2013.01.02"]
[EventType "swiss"]
[EventRounds "9"]
[EventCountry "GRE"]
[SourceTitle "EXT 2024"]
[Source "ChessBase"]
[SourceDate "2023.10.10"]
[SourceVersion "1"]
[SourceVersionDate "2023.10.10"]
[SourceQuality "1"]

1. e4 e6 2. d3 c5 3. Nf3 Nc6 4. g3 d5 5. Qe2 Be7 6. Bg2 Nf6 7. 0-0 h6 8. h4 b6 9. e5 Nd7 10. h5 Qc7 11. Bf4 Bb7 12. c4 d4 13. Nbd2 0-0-0 14. Ne4 Rde8 15. a3 g5 16. hxg6 fxg6 17. Nd6+ Bxd6 18. exd6 Qd8 19. b4 e5 20. Bd2 Qf6 21. bxc5 bxc5 22. Rfb1 Qxd6 23. Rb2 Kc7 24. Nh4 g5 25. Nf5 Qf6 26. g4 h5 27. Ng3 hxg4 28. Qxg4 Qe6 29. Qd1 Qh6 30. Ne4 Ba8 31. Qa4 Rb8 32. Rab1 Rb6 33. Kf1 Rhb8 34. Rb5 a6 35. Rxb6 Rxb6 36. Rxb6 Kxb6 37. Bxg5 Qh5 38. Ke1 Qg4 39. Bf1 Ncb8 40. Bd8+ Ka7 41. Nd6 Nc6 42. Bb6+ 1/2-1/2

[Event "Nikaia op-A 20th"]
[Site "Nikea"]
[Date "2012.08.28"]
[Round "4.21"]
[White "Poulidis, Stefanos"]
[Black "Zahariou, Nikolaus"]
[Result "1-0"]
[WhiteElo "1928"]
[BlackElo "1762"]
[PlyCount "57"]
[EventDate "2012.08.26"]
[EventType "swiss"]
[EventRounds "9"]
[EventCountry "GRE"]
[SourceTitle "EXT 2024"]
[Source "ChessBase"]
[SourceDate "2023.10.10"]
[SourceVersion "1"]
[SourceVersionDate "2023.10.10"]
[SourceQuality "1"]

1. e4 d5 2. exd5 Nf6 3. Bb5+ Bd7 4. Be2 Nxd5 5. d4 Nc6 6. c4 Nb6 7. Bf4 e6 8. Nf3 Ne7 9. 0-0 Ng6 10. Bg3 Be7 11. Nc3 0-0 12. Qb3 a5 13. Rad1 a4 14. Qc2 Bd6 15. Ne5 Bxe5 16. dxe5 Qe7 17. Qe4 Bc6 18. Qg4 Nd7 19. f4 f5 20. exf6 Nxf6 21. Qg5 Qb4 22. Be1 Qxb2 23. Bd3 Ra5 24. Nb5 Bxb5 25. Bxa5 Qd4+ 26. Kh1 Rd8 27. Qxb5 Ng4 28. Bxc7 Nf2+ 29. Rxf2 1-0

[Event "Nikaia op-A 20th"]
[Site "Nikea"]
[Date "2012.08.26"]
[Round "2.6"]
[White "Poulidis, Stefanos"]
[Black "Stavrianakis, Ioannis"]
[Result "1/2-1/2"]
[WhiteElo "1928"]
[BlackElo "2311"]
[PlyCount "39"]
[EventDate "2012.08.26"]
[EventType "swiss"]
[EventRounds "9"]
[EventCountry "GRE"]
[SourceTitle "EXT 2024"]
[Source "ChessBase"]
[SourceDate "2023.10.10"]
[SourceVersion "1"]
[SourceVersionDate "2023.10.10"]
[SourceQuality "1"]

1. e4 d6 2. d4 Nf6 3. Nc3 Nbd7 4. Nf3 e5 5. Bc4 exd4 6. Qxd4 h6 7. Bf4 Be7 8. 0-0-0 0-0 9. h3 Nh5 10. Bh2 Bf6 11. Qe3 Nb6 12. Bb3 Qe7 13. g4 Bxc3 14. Qxc3 Nf6 15. e5 dxe5 16. Bxe5 Ne8 17. Rhe1 Be6 18. Nd4 Rd8 19. Nxe6 Rxd1+ 20. Kxd1 1/2-1/2

[Event "Kavala op-A 21st"]
[Site "Kavala"]
[Date "2012.07.28"]
[Round "5"]
[White "Neelotpal, Das"]
[Black "Poulidis, Stefanos"]
[Result "1-0"]
[WhiteElo "2456"]
[BlackElo "1935"]
[PlyCount "67"]
[EventDate "2012.07.25"]
[EventType "swiss"]
[EventRounds "9"]
[EventCountry "GRE"]
[SourceTitle "CBM 149 Extra"]
[Source "ChessBase"]
[SourceDate "2012.08.24"]
[SourceVersion "1"]
[SourceVersionDate "2012.08.24"]
[SourceQuality "1"]

1. d4 d5 2. Nf3 Nf6 3. c4 e6 4. g3 Bb4+ 5. Bd2 Be7 6. Bg2 0-0 7. Qc2 c6 8. 0-0 b5 9. c5 a5 10. Bg5 Nbd7 11. Nbd2 Bb7 12. e4 h6 13. Bf4 Nxe4 14. Nxe4 dxe4 15. Qxe4 Nf6 16. Qc2 Nd5 17. Bd2 Bf6 18. a3 Qc7 19. Rfe1 Rfd8 20. Re4 Bc8 21. Rae1 Bd7 22. h4 Be7 23. Ne5 Be8 24. Nf3 f5 25. Rxe6 Bf7 26. R6e2 f4 27. Bxf4 Qb7 28. Bd2 Bf6 29. g4 Re8 30. g5 Rxe2 31. Rxe2 hxg5 32. hxg5 Be7 33. Ne5 Be8 34. Bh3 1-0

[Event "GRE-chT 40th"]
[Site "Achaia"]
[Date "2012.07.05"]
[Round "7.9"]
[White "Poulidis, Stefanos"]
[Black "Markomihelakis, Dimitrios"]
[Result "1/2-1/2"]
[WhiteElo "1935"]
[BlackElo "1420"]
[PlyCount "66"]
[EventDate "2012.06.30"]
[EventType "team-swiss"]
[EventRounds "7"]
[EventCountry "GRE"]
[SourceTitle "CBM 149 Extra"]
[Source "ChessBase"]
[SourceDate "2012.08.24"]
[SourceVersion "1"]
[SourceVersionDate "2012.08.24"]
[SourceQuality "1"]
[WhiteTeam "Panionios"]
[BlackTeam "OFI"]
[WhiteTeamCountry "GRE"]
[BlackTeamCountry "GRE"]

1. Nf3 g6 2. g3 b6 3. Bg2 Bb7 4. 0-0 Bg7 5. d4 Nf6 6. b3 c5 7. Bb2 cxd4 8. Bxd4 0-0 9. c4 Nc6 10. Bb2 d5 11. cxd5 Nxd5 12. Bxg7 Kxg7 13. Qc1 Qc7 14. Qb2+ Kg8 15. Na3 Rac8 16. Rac1 Qb8 17. Nc4 Rfd8 18. Bh3 Rc7 19. Rfd1 Bc8 20. Bg2 Bb7 21. a3 b5 22. Ncd2 b4 23. Ne4 Rcd7 24. Nc5 Rd6 25. Nxb7 Qxb7 26. axb4 Ndxb4 27. Rxd6 Rxd6 28. Ne5 Qb5 29. Nxc6 Nxc6 30. Qa1 a6 31. Qa4 Nd4 32. Qxb5 axb5 33. Rc8+ Kg7 1/2-1/2

[Event "GRE-chT 40th"]
[Site "Achaia"]
[Date "2012.07.03"]
[Round "5.7"]
[White "Poulidis, Stefanos"]
[Black "Zeppos, Panagiotis"]
[Result "1-0"]
[WhiteElo "1935"]
[BlackElo "2004"]
[PlyCount "93"]
[EventDate "2012.06.30"]
[EventType "team-swiss"]
[EventRounds "7"]
[EventCountry "GRE"]
[SourceTitle "CBM 149 Extra"]
[Source "ChessBase"]
[SourceDate "2012.08.24"]
[SourceVersion "1"]
[SourceVersionDate "2012.08.24"]
[SourceQuality "1"]
[WhiteTeam "Panionios"]
[BlackTeam "Spring Chess"]
[WhiteTeamCountry "GRE"]
[BlackTeamCountry "GRE"]

1. e4 e5 2. Nf3 Nc6 3. Bc4 Nf6 4. d4 exd4 5. e5 d5 6. Bb5 Ne4 7. Nxd4 Bc5 8. Be3 Bd7 9. Bxc6 bxc6 10. 0-0 Qe7 11. Re1 0-0 12. f3 Ng5 13. Nc3 Rab8 14. Rb1 Ne6 15. Qd2 Nxd4 16. Bxd4 Bxd4+ 17. Qxd4 Bf5 18. Re2 a5 19. a3 Rb7 20. Na4 Rfb8 21. Rd1 Be6 22. c3 c5 23. Nxc5 Rxb2 24. Rxb2 Rxb2 25. c4 Rc2 26. Nxe6 fxe6 27. cxd5 Qg5 28. g3 Qh6 29. h4 Qg6 30. g4 h6 31. dxe6 Qxe6 32. Qd8+ Kh7 33. Qd3+ Qg6 34. f4 Rc3 35. Qxg6+ Kxg6 36. f5+ Kf7 37. Rd7+ Kf8 38. Kf2 Rxa3 39. Rxc7 Ra4 40. Kf3 Ra3+ 41. Ke4 Ra4+ 42. Kd5 Rxg4 43. Ke6 Kg8 44. f6 gxf6 45. Rc8+ Kh7 46. exf6 Re4+ 47. Kf5 1-0

[Event "GRE-chT 40th"]
[Site "Achaia"]
[Date "2012.07.01"]
[Round "2.8"]
[White "Poulidis, Stefanos"]
[Black "Hatzis Bakratsas, Alexandros"]
[Result "1-0"]
[WhiteElo "1935"]
[BlackElo "1779"]
[PlyCount "81"]
[EventDate "2012.06.30"]
[EventType "team-swiss"]
[EventRounds "7"]
[EventCountry "GRE"]
[SourceTitle "CBM 149 Extra"]
[Source "ChessBase"]
[SourceDate "2012.08.24"]
[SourceVersion "1"]
[SourceVersionDate "2012.08.24"]
[SourceQuality "1"]
[WhiteTeam "Panionios"]
[BlackTeam "Florinas"]
[WhiteTeamCountry "GRE"]
[BlackTeamCountry "GRE"]

1. e4 c5 2. c3 g6 3. d4 cxd4 4. cxd4 d5 5. e5 Nc6 6. Nc3 Bg7 7. h3 f6 8. exf6 Nxf6 9. Nf3 0-0 10. Bb5 Qd6 11. 0-0 Nh5 12. Re1 Nd8 13. Ba4 Ne6 14. Qe2 a6 15. Nxd5 Qxd5 16. Bb3 Qd6 17. Bxe6+ Kh8 18. Bxc8 Raxc8 19. Qxe7 Qb6 20. Be3 Qb5 21. Rac1 Rce8 22. Qa3 Qd7 23. Ne5 Qd5 24. Qb3 Nf6 25. Rc7 Qxb3 26. axb3 Rb8 27. Rec1 Rfd8 28. Nf7+ Kg8 29. Nxd8 Rxd8 30. Rc8 Rxc8 31. Rxc8+ Bf8 32. Bh6 Nd7 33. Bxf8 Nxf8 34. Kf1 Kf7 35. Rc7+ Ke6 36. Ke2 b5 37. Kd3 Nd7 38. b4 h5 39. Rc6+ Ke7 40. Rxg6 Nf6 41. Rxf6 1-0

[Event "GRE-chT 40th"]
[Site "Achaia"]
[Date "2012.07.01"]
[Round "3.9"]
[White "Roinos, Ilias"]
[Black "Poulidis, Stefanos"]
[Result "1/2-1/2"]
[WhiteElo "1747"]
[BlackElo "1935"]
[PlyCount "114"]
[EventDate "2012.06.30"]
[EventType "team-swiss"]
[EventRounds "7"]
[EventCountry "GRE"]
[SourceTitle "CBM 149 Extra"]
[Source "ChessBase"]
[SourceDate "2012.08.24"]
[SourceVersion "1"]
[SourceVersionDate "2012.08.24"]
[SourceQuality "1"]
[WhiteTeam "Glyfadas Zenon"]
[BlackTeam "Panionios"]
[WhiteTeamCountry "GRE"]
[BlackTeamCountry "GRE"]

1. e4 c5 2. Nf3 e6 3. d4 cxd4 4. Nxd4 Nc6 5. Nc3 Qc7 6. g3 a6 7. Bg2 d6 8. 0-0 Bd7 9. Re1 Be7 10. a4 Nf6 11. Be3 Ne5 12. Kh1 Nc4 13. Bc1 0-0 14. b3 Ne5 15. Bb2 Rac8 16. Qe2 Nc6 17. Nxc6 Bxc6 18. Rad1 Rfd8 19. Nd5 exd5 20. exd5 Bd7 21. Qxe7 Re8 22. Bxf6 Rxe7 23. Bxe7 Re8 24. Re3 Qxc2 25. Rf1 Qc5 26. Kg1 f6 27. Rfe1 Qb6 28. Bf3 Rc8 29. Bh5 Qc5 30. Rd1 Qb4 31. Rde1 g6 32. Bf3 Kf7 33. Bd1 Rc1 34. Kg2 Bg4 35. Bxd6 Qxd6 36. Bxg4 Rxe1 37. Be6+ Kg7 38. Rxe1 f5 39. Re3 f4 40. Rf3 g5 41. Rd3 Qe5 42. Kf3 h5 43. h3 Qe1 44. Bf5 Kf6 45. g4 hxg4+ 46. hxg4 Ke7 47. d6+ Kd8 48. d7 Qh1+ 49. Ke2 Qh8 50. Rf3 a5 51. Rd3 Qe5+ 52. Kf1 Qh8 53. Kg2 Qb2 54. Rh3 Qf6 55. Rh7 Qc6+ 56. Kh2 Qf6 57. Rh5 Qd4 1/2-1/2

[Event "GRE-chT 39th"]
[Site "Eretria"]
[Date "2011.07.04"]
[Round "3.8"]
[White "Tsounis, Serafim"]
[Black "Poulidis, Stefanos"]
[Result "0-1"]
[WhiteElo "1806"]
[BlackElo "1914"]
[PlyCount "68"]
[EventDate "2011.07.03"]
[EventType "team-swiss"]
[EventRounds "7"]
[EventCountry "GRE"]
[SourceTitle "CBM 143 Extra"]
[Source "ChessBase"]
[SourceDate "2011.08.29"]
[SourceVersion "1"]
[SourceVersionDate "2011.08.29"]
[SourceQuality "1"]
[WhiteTeam "Chalkidos Palamidis"]
[BlackTeam "Panionios"]
[WhiteTeamCountry "GRE"]
[BlackTeamCountry "GRE"]

1. d4 d5 2. c4 e6 3. Nc3 c6 4. e4 dxe4 5. Nxe4 Bb4+ 6. Nc3 Nf6 7. a3 Bxc3+ 8. bxc3 c5 9. Nf3 Nc6 10. Be2 0-0 11. 0-0 Qc7 12. Qc2 h6 13. h3 b6 14. Be3 Na5 15. Ne5 Ba6 16. Bf4 Qe7 17. Ra2 Rfd8 18. Qd2 Nd7 19. Ng4 Bxc4 20. Bxc4 Nxc4 21. Qe2 b5 22. a4 cxd4 23. axb5 Ndb6 24. cxd4 Rxd4 25. Be3 Nxe3 26. fxe3 Rd5 27. e4 Rd7 28. e5 Nd5 29. Qf3 Rc8 30. Rd2 Rdc7 31. Qg3 Qg5 32. Qf2 h5 33. Nh2 Qe3 34. Qxe3 Nxe3 0-1

[Event "Nikaia Fysiolatriko op 09th"]
[Site "Nikaia"]
[Date "2011.06.21"]
[Round "7"]
[White "Kondopoulos, Dimitrios"]
[Black "Poulidis, Stefanos"]
[Result "1-0"]
[WhiteElo "2059"]
[BlackElo "1925"]
[PlyCount "53"]
[EventDate "2011.06.16"]
[EventType "swiss"]
[EventRounds "9"]
[EventCountry "GRE"]
[SourceTitle "CBM 143 Extra"]
[Source "ChessBase"]
[SourceDate "2011.08.29"]
[SourceVersion "1"]
[SourceVersionDate "2011.08.29"]
[SourceQuality "1"]

1. e4 c5 2. c4 Nc6 3. Nc3 e5 4. g3 g6 5. Bg2 Bg7 6. d3 d6 7. h4 Be6 8. Bh3 Qd7 9. Bxe6 Qxe6 10. Nh3 f5 11. Ng5 Qd7 12. exf5 Qxf5 13. g4 Qd7 14. Be3 Nf6 15. Rg1 0-0-0 16. Nge4 Nxe4 17. Nxe4 Rhf8 18. h5 Nd4 19. Rg3 gxh5 20. Bxd4 exd4 21. gxh5 Be5 22. Rg2 Rf4 23. Qe2 Qa4 24. Rg4 Rdf8 25. b3 Qe8 26. Rxf4 Rxf4 27. Nxd6+ 1-0

[Event "Attica-ch U16 11"]
[Site "Athens"]
[Date "2010.12.28"]
[Round "5.5"]
[White "Koutoukidis, Panagiotis"]
[Black "Poulidis, Stefanos"]
[Result "1/2-1/2"]
[WhiteElo "1936"]
[BlackElo "1897"]
[PlyCount "52"]
[EventDate "2010.12.23"]
[EventType "swiss"]
[EventRounds "7"]
[EventCountry "GRE"]
[SourceTitle "EXT 2024"]
[Source "ChessBase"]
[SourceDate "2023.10.10"]
[SourceVersion "1"]
[SourceVersionDate "2023.10.10"]
[SourceQuality "1"]

1. e4 c5 2. Nf3 e6 3. d4 cxd4 4. Nxd4 Nc6 5. Nc3 Qc7 6. Be3 a6 7. Qd2 Nf6 8. 0-0-0 Be7 9. f3 h5 10. Kb1 b5 11. Nxc6 dxc6 12. e5 Qxe5 13. Bd4 Qc7 14. Qg5 Rg8 15. Be5 Qa7 16. Be2 Bd7 17. f4 b4 18. Na4 Ng4 19. Qxh5 Nxe5 20. Qxe5 c5 21. b3 Rc8 22. Nb2 Bf6 23. Qd6 Bb5 24. Bf3 Qc7 25. Nc4 Bxc4 26. bxc4 Bd4 1/2-1/2

[Event "Nikaia op 18th"]
[Site "Nikaia"]
[Date "2010.08.25"]
[Round "7"]
[White "Papargiriou, Anastasios"]
[Black "Poulidis, Stefanos"]
[Result "1-0"]
[WhiteElo "2065"]
[BlackElo "1853"]
[PlyCount "63"]
[EventDate "2010.08.20"]
[EventType "swiss"]
[EventRounds "9"]
[EventCountry "GRE"]
[SourceTitle "CBM 138 Extra"]
[Source "ChessBase"]
[SourceDate "2010.10.29"]
[SourceVersion "1"]
[SourceVersionDate "2010.10.29"]
[SourceQuality "1"]

1. e4 c5 2. Nc3 Nc6 3. Bb5 Nd4 4. Bc4 d6 5. Nge2 Nf6 6. d3 Nxe2 7. Qxe2 e6 8. 0-0 Be7 9. f4 a6 10. a4 d5 11. Bb3 0-0 12. Kh1 b6 13. Bd2 Bb7 14. e5 Ne8 15. Qg4 d4 16. Ne4 b5 17. f5 exf5 18. Qxf5 Bd5 19. Ba5 Qxa5 20. Bxd5 g6 21. Bxf7+ Kg7 22. Qe6 Qd8 23. Bxe8 Qxe8 24. Nd6 Qd8 25. Rf7+ Rxf7 26. Qxf7+ Kh8 27. Qe6 Bxd6 28. exd6 Qe8 29. Qd5 Qc8 30. d7 Qd8 31. Re1 Qf8 32. Qxa8 1-0

[Event "Nikaia op 17th"]
[Site "Nikaia"]
[Date "2009.08.24"]
[Round "4"]
[White "Siamidis, Dimitrios"]
[Black "Poulidis, Stefanos"]
[Result "1-0"]
[WhiteElo "2093"]
[BlackElo "1757"]
[PlyCount "107"]
[EventDate "2009.08.22"]
[EventType "swiss"]
[EventRounds "9"]
[EventCountry "GRE"]
[SourceTitle "CBM 132 Extra"]
[Source "ChessBase"]
[SourceDate "2009.11.03"]
[SourceVersion "1"]
[SourceVersionDate "2009.11.03"]
[SourceQuality "1"]

1. e4 d5 2. exd5 Nf6 3. Nc3 Nxd5 4. h3 e5 5. Bc4 Be6 6. Bxd5 Bxd5 7. Nxd5 Qxd5 8. Qf3 Qc6 9. Qxc6+ Nxc6 10. c3 Bc5 11. b4 Bb6 12. a4 a5 13. b5 Ne7 14. Ba3 Ng6 15. Ne2 0-0-0 16. 0-0-0 Rd3 17. Rhf1 f6 18. Kc2 Rhd8 19. Nc1 R3d7 20. g3 h5 21. Nb3 h4 22. Bc5 Bxc5 23. Nxc5 Rd5 24. Nb3 hxg3 25. fxg3 Rd3 26. Rg1 b6 27. Nc1 R3d6 28. d3 Ne7 29. Rde1 Nf5 30. Re4 Rh8 31. h4 Rhd8 32. h5 Nh6 33. g4 Nf7 34. Re3 Ng5 35. Ne2 Ne6 36. Rd1 Rd5 37. Ng3 Nc5 38. Nf5 R8d7 39. c4 Rd4 40. Nxd4 Rxd4 41. g5 Rh4 42. h6 gxh6 43. gxf6 Rf4 44. Rxe5 Rxf6 45. d4 Ne6 46. Kc3 Kd7 47. Rd3 Nf4 48. Rde3 Rf7 49. Kd2 Ng2 50. Re2 Nh4 51. Rd5+ Kc8 52. Re8+ Kb7 53. Rdd8 c6 54. Rb8+ 1-0